Normal view
MARC view
Entry Topical Term
001 - CONTROL NUMBER
- control field: 27730
003 - CONTROL NUMBER IDENTIFIER
- control field: dpl
005 - DATE AND TIME OF LATEST TRANSACTION
- control field: 20110505143906.0
008 - FIXED-LENGTH DATA ELEMENTS
- fixed length control field: 110505|||a|||||| | ||| d
040 ## - CATALOGING SOURCE
- Original cataloging agency: dpl
- Transcribing agency: dpl
150 ## - HEADING--TOPICAL TERM
- Topical term or geographic name as entry element: Ajax (Web site development technology)
670 ## - SOURCE DATA FOUND
- Source citation: Work cat.: (dpl)36492: Kanjilal, Joydip 27728, ASP.NET 4.0 programming /, 2010
670 ## - SOURCE DATA FOUND
- Source citation: Work cat.: (dpl)36492: Kanjilal, Joydip 27728, ASP.NET 4.0 programming /, 2010
